[Event "Karpos Open 2013"]
[Site "Skopje MKD"]
[Date "2013.03.12"]
[Round "5.36"]
[White "Nedev, Trajko"]
[Black "Goriatchkin, Jouri"]
[Result "1/2-1/2"]
[WhiteTitle "GM"]
[BlackTitle "FM"]
[WhiteElo "2506"]
[BlackElo "2302"]
[WhiteFideId "15000605"]
[BlackFideId "4120183"]
[EventDate "2013.03.09"]

1. e4 e6 2. d4 d5 3. Nd2 dxe4 4. Nxe4 Bd7 5. Bd3 Bc6 6. Nf3 Nd7 7. O-O Ngf6 8.
Ned2 Be7 9. Re1 O-O 10. c3 Re8 11. Nc4 Bb5 12. b4 c6 13. a4 Bxc4 14. Bxc4 a5 15.
bxa5 Qxa5 16. Bd2 Nb6 17. Bb3 Qa6 18. Ne5 Bd6 19. Qf3 Nbd7 20. Qh3 Nf8 21. Bc2
c5 22. Bg5 Nd5 23. Nd7 h6 24. Nxf8 Bxf8 25. Bd2 cxd4 26. cxd4 Qc4 27. Qd3 1/2-1/2

[Event "Karpos Open 2013"]
[Site "Skopje MKD"]
[Date "2013.03.12"]
[Round "5.37"]
[White "Schoorl, Rob"]
[Black "Indjic, Aleksandar"]
[Result "0-1"]
[WhiteTitle "FM"]
[BlackTitle "IM"]
[WhiteElo "2350"]
[BlackElo "2502"]
[WhiteFideId "1009508"]
[BlackFideId "911925"]
[EventDate "2013.03.09"]

1. e4 c5 2. Nf3 d6 3. d4 cxd4 4. Nxd4 Nf6 5. Nc3 a6 6. Qe2 e5 7. Nf5 g6 8. Ne3
Be6 9. Ned5 Bxd5 10. exd5 Nbd7 11. g4 Rc8 12. Bg2 Qb6 13. g5 Nh5 14. Bh3 h6 15.
Bxd7+ Kxd7 16. h4 hxg5 17. hxg5 Be7 18. Bd2 Ng3 19. Qg4+ Nf5 20. O-O-O Rxh1 21.
Rxh1 Qxf2 22. Qa4+ Kc7 23. Ne4 Qg2 24. Re1 Kb8 25. c3 Rh8 26. Qc4 Rh2 27. Qf1
Qg4 28. Qg1 Rg2 29. Qb6 Qh4 30. Qb3 Ng3 31. Qa4 Nxe4 32. Rxe4 Qh8 33. Rh4 Qc8
34. Rh7 Rg1+ 35. Kc2 Rg4 36. b4 Bxg5 37. Bxg5 Rxg5 38. Rxf7 Rg2+ 39. Kb3 b5 0-1

[Event "Karpos Open 2013"]
[Site "Skopje MKD"]
[Date "2013.03.12"]
[Round "5.38"]
[White "Piskur, Mitja"]
[Black "Drenchev, Petar"]
[Result "1/2-1/2"]
[WhiteTitle "FM"]
[BlackTitle "GM"]
[WhiteElo "2301"]
[BlackElo "2491"]
[WhiteFideId "14600943"]
[BlackFideId "2903261"]
[EventDate "2013.03.09"]

1. e4 c5 2. Nf3 Nc6 3. d3 g6 4. g3 Bg7 5. Bg2 d6 6. O-O Nf6 7. c3 O-O 8. Nbd2 e5
9. a4 h6 10. Nc4 Be6 11. Nfd2 d5 12. exd5 Bxd5 13. Bh3 Re8 14. Re1 Qc7 15. Ne3
Be6 16. Bxe6 Rxe6 17. Ne4 Nd7 18. Nd5 Qd8 19. Qb3 b6 20. f4 Nf8 21. Be3 Kh7 22.
g4 f5 23. gxf5 gxf5 24. Ng3 Rg6 25. Re2 Qd7 26. Rg2 Rd8 27. c4 Ne6 28. Rf1 exf4
29. Bxf4 Nxf4 30. Nxf4 Rg4 31. Qd1 Bxb2 32. Nd5 Bd4+ 33. Kh1 Rdg8 34. Rgf2 Ne7
35. Nxe7 Qxe7 36. Rxf5 Kh8 37. Rh5 R4g6 38. Qf3 Qd7 39. Rf5 Qxa4 40. Rf7 a5 41.
Qb7 Qc6+ 42. Qxc6 Rxc6 43. Kg2 Rd6 44. Ra7 Rg7 45. Ra8+ Kh7 46. Rf3 Rf6 47. Rxf6
Bxf6 48. Kf3 Bb2 49. Ra6 Rg6 50. Ra7+ Kg8 51. Ke4 Kf8 52. Kd5 Bc1 53. Ke5 Bb2+
54. Kd5 h5 55. Nf5 Rg5 56. Ke6 Rg6+ 57. Kd5 Rf6 58. Nd6 Rf3 59. Ke4 Rh3 60. Nc8
Rxh2 61. Nxb6 Bd4 62. Rxa5 Re2+ 63. Kf4 Ke7 64. Nd5+ Kf7 65. Ra7+ Kf8 66. Ra8+
Kg7 67. Ra7+ Kf8 68. Ra8+ Kg7 69. Ra7+ 1/2-1/2

[Event "Karpos Open 2013"]
[Site "Skopje MKD"]
[Date "2013.03.12"]
[Round "5.39"]
[White "Stella, Andrea"]
[Black "Strugnell, Carl"]
[Result "0-1"]
[WhiteTitle "IM"]
[BlackTitle "FM"]
[WhiteElo "2477"]
[BlackElo "2301"]
[WhiteFideId "827061"]
[BlackFideId "616753"]
[EventDate "2013.03.09"]

1. Nf3 Nf6 2. c4 Nc6 3. d4 e6 4. a3 d6 5. Nc3 g6 6. g3 Bg7 7. Bg2 O-O 8. O-O Re8
9. h3 a6 10. e4 Na5 11. Nd2 c5 12. d5 exd5 13. cxd5 c4 14. a4 Nd7 15. Rb1 Qc7
16. Qc2 Nc5 17. Nd1 Bd7 18. Ne3 Rac8 19. Nf3 b5 20. axb5 axb5 21. Nh2 b4 22. Nd1
f5 23. f3 Ncb3 24. Be3 Nd4 25. Bxd4 Bxd4+ 26. Nf2 Qb6 27. Kh1 b3 28. Qd2 Be3 29.
Qe1 c3 30. bxc3 Bb5 31. Nd1 Bc5 32. Rf2 Bd3 33. Rbb2 Bxf2 34. Nxf2 Bc2 0-1

[Event "Karpos Open 2013"]
[Site "Skopje MKD"]
[Date "2013.03.12"]
[Round "5.42"]
[White "Mladenovic, Stefan"]
[Black "Drazic, Sinisa"]
[Result "1/2-1/2"]
[BlackTitle "GM"]
[WhiteElo "2292"]
[BlackElo "2459"]
[WhiteFideId "942227"]
[BlackFideId "901172"]
[EventDate "2013.03.09"]

1. d4 Nf6 2. Nf3 c6 3. c4 d6 4. Nc3 Bf5 5. Nh4 e6 6. Nxf5 exf5 7. g3 g6 8. Bg2
Bg7 9. O-O O-O 10. Rb1 a5 11. a3 Re8 12. b4 axb4 13. axb4 Nbd7 14. b5 Ne4 15.
Nxe4 fxe4 16. bxc6 bxc6 17. Bf4 Qf6 18. Bh3 Ra7 19. Qc1 h6 20. d5 cxd5 21. cxd5
Nc5 22. Rb6 Rd8 23. Bxh6 Bxh6 24. Qxh6 Na4 25. Rc6 Qe5 26. Qd2 Nc5 27. Rb1 Ra3
28. Qb4 Rda8 29. Rc8+ Kg7 30. Rxa8 Rxa8 31. Rd1 Ra4 32. Qb6 Ra1 33. Rxa1 Qxa1+
34. Bf1 Qe5 35. Qc6 Nb3 36. h4 Nd2 37. Bg2 e3 38. f4 Qe7 39. Qc3+ Kh7 40. Qd3
Kh6 41. Kh2 f5 42. Kh3 Qe8 43. Kh2 Qe7 1/2-1/2

[Event "Karpos Open 2013"]
[Site "Skopje MKD"]
[Date "2013.03.12"]
[Round "5.43"]
[White "Bogdanovski, Vlatko"]
[Black "Dimic, Pavle"]
[Result "1-0"]
[WhiteTitle "GM"]
[BlackTitle "FM"]
[WhiteElo "2444"]
[BlackElo "2212"]
[WhiteFideId "15000206"]
[BlackFideId "937428"]
[EventDate "2013.03.09"]

1. d4 Nf6 2. c4 g6 3. Nc3 Bg7 4. e4 d6 5. f3 O-O 6. Nge2 c5 7. d5 e6 8. Ng3 exd5
9. cxd5 a6 10. a4 Nbd7 11. Be2 Ne5 12. O-O Re8 13. h3 h5 14. Bg5 Qc7 15. Qd2 Nh7
16. Bh4 Rb8 17. f4 Nd7 18. Kh1 Bh6 19. Qc2 Bg7 20. Rad1 Qa5 21. Ra1 Qc7 22. Bc4
Nb6 23. Bd3 c4 24. Be2 Nd7 25. a5 b5 26. axb6 Nxb6 27. Ra2 Bd7 28. Rxa6 Qc8 29.
Ra7 Bxh3 30. f5 Rb7 31. Rxb7 Qxb7 32. gxh3 Kh8 33. Qd2 Be5 34. fxg6 fxg6 35. Qe3
Rg8 36. Bg5 h4 37. Bf4 hxg3 38. Bxe5+ dxe5 39. Qxg3 Nd7 40. Bg4 Rf8 41. Rg1 Rf4
42. Bf5 Ndf8 43. Bxg6 1-0

[Event "Karpos Open 2013"]
[Site "Skopje MKD"]
[Date "2013.03.12"]
[Round "5.44"]
[White "Veleski, Robert"]
[Black "Haznedaroglu, Kivanc"]
[Result "0-1"]
[WhiteTitle "FM"]
[BlackTitle "GM"]
[WhiteElo "2267"]
[BlackElo "2428"]
[WhiteFideId "15001008"]
[BlackFideId "6300634"]
[EventDate "2013.03.09"]

1. e4 c5 2. Nf3 e6 3. c3 Nf6 4. Bd3 d5 5. e5 Nfd7 6. O-O Nc6 7. Re1 g5 8. g4 h5
9. h3 hxg4 10. hxg4 b6 11. Bb5 Bb7 12. d4 Be7 13. Nbd2 Qc7 14. Nf1 O-O-O 15. Ng3
f6 16. exf6 Nxf6 17. Bxc6 Bxc6 18. Ne5 Rdg8 19. Qe2 Be8 20. Kg2 Bd6 21. f3 Rh4
22. Bd2 Nd7 23. Qe3 Kb7 24. b4 Rgh8 25. Qxg5 Rh2+ 26. Kg1 cxd4 27. cxd4 Qc2 28.
Re2 Qb2 29. Rae1 Qxd4+ 30. Be3 Qxe5 31. Qxe5 Nxe5 32. Rxh2 Nxf3+ 33. Kf2 Rxh2+ 0-1

[Event "Karpos Open 2013"]
[Site "Skopje MKD"]
[Date "2013.03.12"]
[Round "5.47"]
[White "Ratkovic, Miloje"]
[Black "Goryachkina, Aleksandra"]
[Result "1/2-1/2"]
[BlackTitle "WGM"]
[WhiteElo "2249"]
[BlackElo "2386"]
[WhiteFideId "914517"]
[BlackFideId "4147103"]
[EventDate "2013.03.09"]

1. d4 d5 2. c4 e6 3. Nc3 Nf6 4. Nf3 Bb4 5. Qa4+ Nc6 6. Bd2 O-O 7. e3 Bd7 8. Qc2
a6 9. a3 Bxc3 10. Bxc3 Ne7 11. Ne5 dxc4 12. Bxc4 Bb5 13. Bxb5 axb5 14. e4 Nd7
15. O-O Nxe5 16. dxe5 Nc6 17. b4 Qd7 18. Rfd1 Qe7 19. Qe2 Na7 20. f4 Rfd8 21. f5
Rxd1+ 22. Rxd1 Rd8 23. f6 Rxd1+ 24. Qxd1 Qe8 25. Qd3 Nc6 26. Qxb5 Qa8 27. Kf2
Qa7+ 28. Ke2 Qg1 29. Qxb7 Qxg2+ 30. Ke3 Qh3+ 31. Ke2 Qg2+ 32. Ke3 Qh3+ 33. Ke2 1/2-1/2

[Event "Karpos Open 2013"]
[Site "Skopje MKD"]
[Date "2013.03.12"]
[Round "5.48"]
[White "Glavinac, Goran"]
[Black "Erturan, Yakup"]
[Result "0-1"]
[BlackTitle "IM"]
[WhiteElo "2159"]
[BlackElo "2373"]
[WhiteFideId "15001881"]
[BlackFideId "6301410"]
[EventDate "2013.03.09"]

1. d4 Nf6 2. Nf3 e6 3. c4 b6 4. g3 Bb7 5. Bg2 c5 6. O-O cxd4 7. Nxd4 Bxg2 8.
Kxg2 Be7 9. Nc3 O-O 10. e4 Qc7 11. Qe2 Nc6 12. Ndb5 Qb8 13. Bf4 d6 14. Rfd1 Ne5
15. Rac1 a6 16. Nd4 Rc8 17. b3 Ra7 18. Bd2 Qa8 19. f4 Nc6 20. Nf3 Rac7 21. Be3
Qb7 22. Na4 Nd7 23. Qf2 Rb8 24. Kg1 b5 25. Nb2 Rbc8 26. Nd3 Nf6 27. Nd2 bxc4 28.
bxc4 Ng4 29. Qf3 Nxe3 30. Qxe3 Na5 31. Rb1 Qa8 32. Qb6 Nxc4 33. Nxc4 Rxc4 34.
Qb7 Qxb7 35. Rxb7 Bf6 36. e5 dxe5 37. fxe5 Bg5 38. h4 Be3+ 39. Kg2 h5 40. Kf3
Bd4 41. Rd7 Ra4 42. Rd2 Rc3 43. Ke2 Bxe5 44. Nxe5 Re4+ 45. Kf2 Rxe5 46. Ra7 Rf5+
47. Ke2 a5 0-1

[Event "Karpos Open 2013"]
[Site "Skopje MKD"]
[Date "2013.03.12"]
[Round "5.49"]
[White "Pancevski, Filip"]
[Black "Atanasov, Radislav"]
[Result "1/2-1/2"]
[WhiteTitle "IM"]
[WhiteElo "2515"]
[BlackElo "2147"]
[WhiteFideId "15002187"]
[BlackFideId "2901471"]
[EventDate "2013.03.09"]

1. e4 e5 2. Nf3 Nc6 3. Bc4 Nf6 4. d3 Be7 5. O-O O-O 6. Re1 d6 7. a4 Be6 8. Nbd2
Qd7 9. a5 a6 10. c3 Rfe8 11. Bxe6 fxe6 12. Nf1 Bf8 13. Bg5 d5 14. Ng3 Qf7 15.
Bxf6 gxf6 16. exd5 exd5 17. Nh4 Kh8 18. Nhf5 b5 19. axb6 cxb6 20. d4 exd4 21.
Rxe8 Rxe8 22. Nxd4 Nxd4 23. Qxd4 Bc5 24. Qd2 a5 25. Ne2 Re4 26. Rd1 Qe7 27. Ng3
Re5 28. Kf1 Qd7 29. Re1 Qb5+ 1/2-1/2

[Event "Karpos Open 2013"]
[Site "Skopje MKD"]
[Date "2013.03.12"]
[Round "5.50"]
[White "Arsovic, Zoran"]
[Black "Kacakovski, Dimitar"]
[Result "1-0"]
[WhiteTitle "IM"]
[BlackTitle "FM"]
[WhiteElo "2439"]
[BlackElo "2138"]
[WhiteFideId "901679"]
[BlackFideId "15000052"]
[EventDate "2013.03.09"]

1. Nf3 d5 2. d4 c5 3. c4 e6 4. cxd5 exd5 5. g3 Nc6 6. Bg2 Nf6 7. O-O Be7 8. dxc5
Bxc5 9. Nc3 O-O 10. a3 a6 11. b4 Be7 12. Bb2 Re8 13. Rc1 h6 14. e3 Bg4 15. h3
Bh5 16. Ne2 Bg6 17. Nfd4 Qd7 18. Nxc6 bxc6 19. Nd4 Rac8 20. Qa4 c5 21. Qxd7 Nxd7
22. bxc5 Nxc5 23. Bxd5 Nd3 24. Rxc8 Rxc8 25. Ba1 Bxa3 26. Bb7 Rb8 27. Bxa6 Nc5
28. Bc4 Ne4 29. Rd1 Nd2 30. Be2 Nb3 31. Nxb3 Rxb3 32. Kg2 Bb2 33. Rd8+ Kh7 34.
Bxb2 Rxb2 35. Bd1 Be4+ 36. Bf3 Bxf3+ 37. Kxf3 Rb7 38. Rd2 Ra7 39. g4 g6 40. h4
Ra8 41. Rd5 Kg7 42. Kf4 Ra1 43. h5 Rh1 44. hxg6 Kxg6 45. f3 Rh2 46. e4 f6 47.
Rd6 Re2 48. Re6 1-0

[Event "Karpos Open 2013"]
[Site "Skopje MKD"]
[Date "2013.03.12"]
[Round "5.52"]
[White "Jacimovic, Dragoljub"]
[Black "Hristovski, Srdzan"]
[Result "1-0"]
[WhiteTitle "GM"]
[WhiteElo "2433"]
[BlackElo "2122"]
[WhiteFideId "15000214"]
[BlackFideId "15001148"]
[EventDate "2013.03.09"]

1. d4 d5 2. c4 e6 3. Nc3 Nf6 4. cxd5 exd5 5. Bg5 Be7 6. e3 O-O 7. Bd3 h6 8. Bh4
b6 9. Nf3 Bb7 10. O-O c5 11. Rc1 Nbd7 12. Bf5 g6 13. Bxd7 Qxd7 14. Bxf6 Bxf6 15.
dxc5 Rfd8 16. cxb6 axb6 17. Nd4 Ba6 18. Re1 Be5 19. Na4 Bc7 20. b3 b5 21. Nc5
Qd6 22. g3 Ba5 23. Re2 Bc8 24. Nxb5 Qb6 25. Nd4 Qf6 26. Rec2 h5 27. Nd3 Bg4 28.
Qf1 Re8 29. Ne2 Qg5 30. h3 Bd7 31. h4 Qg4 32. Nef4 1-0

[Event "Karpos Open 2013"]
[Site "Skopje MKD"]
[Date "2013.03.12"]
[Round "5.53"]
[White "Hadzi - Manev, Ljubomir"]
[Black "Codenotti, Marco"]
[Result "0-1"]
[WhiteTitle "FM"]
[BlackTitle "FM"]
[WhiteElo "2071"]
[BlackElo "2402"]
[WhiteFideId "15000443"]
[BlackFideId "800015"]
[EventDate "2013.03.09"]

1. b3 c5 2. Bb2 Nc6 3. Nf3 d5 4. e3 Bg4 5. h3 Bh5 6. Bb5 Qc7 7. g4 Bg6 8. Ne5 e6
9. Bxc6+ bxc6 10. d3 Ne7 11. Nd2 f6 12. Nxg6 Nxg6 13. Qe2 Qa5 14. f4 Bd6 15. O-O
h5 16. gxh5 Ne7 17. e4 O-O-O 18. d4 g6 19. e5 fxe5 20. fxe5 Bc7 21. Rf7 Nf5 22.
hxg6 Rxh3 23. g7 cxd4 24. Nf1 d3 25. Qg4 Qc5+ 26. Kg2 Rh4 27. g8=Q Qxc2+ 28. Kg1
Bb6+ 0-1

[Event "Karpos Open 2013"]
[Site "Skopje MKD"]
[Date "2013.03.12"]
[Round "5.54"]
[White "Nenezic, Marko"]
[Black "Ilic, Slobodan S"]
[Result "1-0"]
[WhiteTitle "IM"]
[WhiteElo "2394"]
[BlackElo "2109"]
[WhiteFideId "912123"]
[BlackFideId "912883"]
[EventDate "2013.03.09"]

1. c4 e6 2. d4 d5 3. Nc3 Nf6 4. cxd5 exd5 5. Bg5 Be7 6. e3 c6 7. Qc2 O-O 8. Bd3
Nbd7 9. Nge2 Re8 10. O-O Nf8 11. f3 Nh5 12. Bxe7 Qxe7 13. e4 dxe4 14. fxe4 Qg5
15. Kh1 Be6 16. Qc1 Qxc1 17. Raxc1 Nf6 18. h3 Rad8 19. Rcd1 Re7 20. Rd2 a6 21.
b3 Ne8 22. Rfd1 Kh8 23. Kg1 f6 24. Bb1 Bf7 25. Kf2 g6 26. g4 Kg7 27. Na4 h6 28.
Nac3 Nh7 29. h4 Nf8 30. Ng3 Red7 31. Nce2 Ne6 32. Ke3 N6c7 33. h5 Ne6 34. d5 Ng5
35. Nf4 gxh5 36. gxh5 Kf8 37. dxc6 Rxd2 38. Rxd2 Rxd2 39. Kxd2 bxc6 40. Kc3 Ne6
41. Nxe6+ Bxe6 42. Kd4 Nd6 43. Kc5 Nb5 44. a4 Bxb3 45. axb5 cxb5 46. Bd3 Kf7 47.
Be2 Ke6 48. Kd4 Bc2 49. Nf5 b4 50. Bxa6 Bd1 51. Bc8+ Kf7 52. Nxh6+ Kf8 53. Bg4
Bc2 54. Bf3 Ba4 55. Kc4 b3 56. Kc3 Kg7 57. Nf5+ Kh7 58. Nd4 Kh6 59. Nf5+ Kg5 60.
h6 Kg6 61. Bh5+ Kh7 62. Bf7 Bc6 63. Bd5 1-0

[Event "Karpos Open 2013"]
[Site "Skopje MKD"]
[Date "2013.03.12"]
[Round "5.55"]
[White "Zozulia, Anna"]
[Black "Nisic, Miroslav"]
[Result "1-0"]
[WhiteTitle "IM"]
[WhiteElo "2336"]
[BlackElo "2079"]
[WhiteFideId "14102110"]
[BlackFideId "948578"]
[EventDate "2013.03.09"]

1. e4 c6 2. d4 d5 3. Nc3 dxe4 4. Nxe4 Nf6 5. Nxf6+ gxf6 6. Nf3 Bg4 7. Be3 e6 8.
Be2 Bd6 9. Qd2 Nd7 10. Bf4 Qc7 11. Bxd6 Qxd6 12. h3 Bh5 13. O-O-O Nb6 14. Kb1
Bxf3 15. Bxf3 O-O-O 16. Qa5 Kb8 17. Rd3 Nc4 18. Qc3 Nb6 19. Rhd1 Rhg8 20. h4 Qh2
21. h5 Rg5 22. Qe1 Qf4 23. g3 Qd6 24. Qe2 h6 25. Rb3 f5 26. c4 Qc7 27. Qc2 f4
28. g4 e5 29. c5 Nd5 30. Qh7 exd4 31. Qxh6 Qe7 32. Qxc6 Rc8 33. Qd6+ Qxd6 34.
cxd6 Rd8 35. Rxd4 Nb6 36. Rxf4 Rd7 37. a3 Nc8 38. Bc6 Rxd6 39. Rxb7+ Ka8 40.
Rb5+ Rxc6 41. Rxg5 f6 42. Rg8 Kb7 43. h6 Re6 1-0

[Event "Karpos Open 2013"]
[Site "Skopje MKD"]
[Date "2013.03.12"]
[Round "5.56"]
[White "Csonka, Balazs"]
[Black "Peczely, Sebastian Zsombor"]
[Result "1/2-1/2"]
[WhiteTitle "FM"]
[WhiteElo "2319"]
[BlackElo "2072"]
[WhiteFideId "742910"]
[BlackFideId "750964"]
[EventDate "2013.03.09"]

1. d4 d5 2. Nf3 Nf6 3. c4 c6 4. Nc3 e6 5. g3 Bd6 6. Bg2 O-O 7. O-O Nbd7 8. Nd2
Bc7 9. e4 dxe4 10. Ndxe4 Nxe4 11. Nxe4 e5 12. d5 cxd5 13. Qxd5 Nb6 14. Qc5 Bg4
15. b3 Qd7 16. Bb2 f5 17. h3 Be2 18. Rfe1 Bxc4 19. Rad1 Bd3 20. Qe3 fxe4 21.
Bxe4 Qxh3 22. Rxd3 Nd7 23. Bg2 Qf5 24. Be4 Qh3 25. Bg2 Qf5 26. Be4 1/2-1/2

[Event "Karpos Open 2013"]
[Site "Skopje MKD"]
[Date "2013.03.12"]
[Round "5.57"]
[White "Ben Artzi, Ido"]
[Black "Anastasovski, Nikola"]
[Result "1-0"]
[WhiteElo "2307"]
[BlackElo "2065"]
[WhiteFideId "2810913"]
[BlackFideId "2605503"]
[EventDate "2013.03.09"]

1. d4 e6 2. c4 f5 3. g3 Nf6 4. Bg2 Bb4+ 5. Bd2 Qe7 6. Qb3 Bxd2+ 7. Nxd2 c6 8. c5
d5 9. cxd6 Qxd6 10. Ngf3 O-O 11. O-O Na6 12. Nc4 Qb4 13. Qc2 Qe7 14. Nfe5 Nb4
15. Qb3 Nbd5 16. e3 a5 17. a4 Qc7 18. Rac1 Bd7 19. f3 Kh8 20. e4 Nb4 21. Ne3 g6
22. Rfd1 Rae8 23. N3c4 Bc8 24. Nxa5 Na2 25. Rc5 Qg7 26. Nac4 Nc1 27. Rxc1 Nd7
28. Nxd7 Qxd4+ 29. Qe3 Qxd7 30. e5 Qe7 31. Nd6 f4 32. gxf4 Rd8 33. R5c4 Rg8 34.
Rd4 Rg7 35. Rcd1 Rdg8 36. Ne4 Rf8 37. Qa3 Qxa3 38. bxa3 h6 39. h4 Rgf7 40. Nf6
Kg7 41. Rd8 g5 42. h5 gxf4 43. Ne8+ Kh8 44. Nd6 1-0

[Event "Karpos Open 2013"]
[Site "Skopje MKD"]
[Date "2013.03.12"]
[Round "5.59"]
[White "Minas, Ioannis"]
[Black "Ratkovic, Milovan"]
[Result "1/2-1/2"]
[WhiteElo "2019"]
[BlackElo "2291"]
[WhiteFideId "4251857"]
[BlackFideId "914525"]
[EventDate "2013.03.09"]

1. e4 c6 2. d4 d5 3. f3 e6 4. Nc3 Bb4 5. Bf4 Nf6 6. Qd3 b6 7. Ne2 Ba6 8. Qe3 O-O
9. a3 Be7 10. Bg5 Ng4 11. Qf4 Bxg5 12. Qxg4 f5 13. Qh3 dxe4 14. fxe4 e5 15. exf5
Bc8 16. g4 exd4 17. Ne4 Re8 18. Qb3+ Kf8 19. Nxg5 Qxg5 20. Qg3 Ba6 21. Qd6+ Kg8
22. Qxd4 Nd7 23. h4 Qe7 24. O-O-O Rad8 25. Nc3 Ne5 1/2-1/2

[Event "Karpos Open 2013"]
[Site "Skopje MKD"]
[Date "2013.03.12"]
[Round "5.61"]
[White "Ioannidis, Evgenios"]
[Black "Duman, Aydin"]
[Result "0-1"]
[WhiteTitle "FM"]
[WhiteElo "2001"]
[BlackElo "2249"]
[WhiteFideId "4229274"]
[BlackFideId "6301304"]
[EventDate "2013.03.09"]

1. d4 Nf6 2. c4 c5 3. d5 b5 4. cxb5 a6 5. bxa6 g6 6. Nc3 Bxa6 7. e4 Bxf1 8. Kxf1
d6 9. g3 Bg7 10. Kg2 Nbd7 11. Nf3 O-O 12. Qe2 Qa5 13. Nd2 Rfb8 14. Nc4 Qa6 15.
f3 Ne8 16. Re1 Nc7 17. Bd2 Rb4 18. b3 Nb5 19. Rec1 Nd4 20. Qe3 Nb6 21. Nxb6 Rxb6
22. Na4 Rb7 23. Rab1 Rab8 24. Bc3 e6 25. dxe6 fxe6 26. Rd1 Rf7 27. Bxd4 Bxd4 28.
Qd3 Qa8 29. Rbc1 Rbf8 30. Rf1 g5 31. h3 h5 32. g4 h4 33. Rc2 Qd8 34. Nc3 Qf6 35.
Ne2 Qe5 36. b4 Ra8 37. bxc5 dxc5 38. Qb3 Rfa7 39. Qc4 Ra4 40. Qb5 Rxa2 41. Rxa2
Rxa2 42. Qe8+ Kg7 43. Qe7+ Kh6 44. Qf8+ Qg7 45. Qxg7+ Kxg7 46. Re1 Bc3 47. Kf2
Bxe1+ 48. Kxe1 Kf6 49. f4 gxf4 50. Nxf4 c4 51. Ne2 Ke5 52. g5 Ra3 53. Kf2 Rxh3
54. Kg2 Re3 55. Kf2 Rxe4 0-1

[Event "Karpos Open 2013"]
[Site "Skopje MKD"]
[Date "2013.03.12"]
[Round "5.62"]
[White "Nikolovski, Nikola"]
[Black "Nikolaidis, Konstantinos"]
[Result "1/2-1/2"]
[BlackTitle "FM"]
[WhiteElo "1965"]
[BlackElo "2248"]
[WhiteFideId "15002314"]
[BlackFideId "4200578"]
[EventDate "2013.03.09"]

1. e4 e5 2. Nf3 Nc6 3. d4 exd4 4. Bc4 Bc5 5. c3 Nf6 6. e5 d5 7. Bb5 Ne4 8. cxd4
Bb4+ 9. Bd2 Nxd2 10. Nfxd2 O-O 11. Bxc6 bxc6 12. O-O c5 13. a3 Bxd2 14. Qxd2 c4
15. Nc3 Bf5 16. Na4 Rb8 17. Nc5 Rb6 18. f4 Qe7 19. Rf2 Rfb8 20. Qc3 g6 1/2-1/2

[Event "Karpos Open 2013"]
[Site "Skopje MKD"]
[Date "2013.03.12"]
[Round "5.63"]
[White "Asani, Adem"]
[Black "Ivanov, Stojan Emilov"]
[Result "1/2-1/2"]
[WhiteElo "1944"]
[BlackElo "2238"]
[WhiteFideId "906581"]
[BlackFideId "2903245"]
[EventDate "2013.03.09"]

1. e4 c5 2. c3 d5 3. exd5 Qxd5 4. Nf3 Nc6 5. Be2 e5 6. d3 Nf6 7. h3 Be7 8. Be3
O-O 9. O-O Bf5 10. Qb3 Qd7 11. Rd1 Rfd8 12. Na3 Nd5 13. Nc4 Nxe3 14. fxe3 Qc7
15. e4 Be6 16. Qc2 b5 17. Ne3 c4 18. Kh1 cxd3 19. Rxd3 Rxd3 20. Bxd3 Rd8 21. Rd1
a6 22. Nd5 Qb7 23. Nxe7+ Qxe7 24. a4 Na5 25. Qe2 Bb3 26. Bc2 Bc4 27. Rxd8+ Qxd8
28. Qd2 Qxd2 29. Nxd2 Be6 30. axb5 axb5 31. b3 Kf8 32. Kg1 Ke7 33. Kf2 Kd6 34.
Ke3 Kc6 35. Bd1 f6 36. h4 Kb6 37. g4 Kc6 38. Kd3 Kb6 39. Kc2 Kc6 40. Be2 Kb6 41.
b4 Nb7 42. Kd3 Nd6 43. Ke3 Kc6 44. Kf3 Kd7 45. Kg3 Kc6 46. Kf3 1/2-1/2

[Event "Karpos Open 2013"]
[Site "Skopje MKD"]
[Date "2013.03.12"]
[Round "5.64"]
[White "Klemencic, Gorazd"]
[Black "Manelidou, Maria"]
[Result "1-0"]
[WhiteElo "2225"]
[BlackElo "2029"]
[WhiteFideId "14600820"]
[BlackFideId "4212240"]
[EventDate "2013.03.09"]

1. d4 d5 2. e3 Nf6 3. Bd3 c6 4. Nd2 Bg4 5. f3 Bh5 6. b3 Nbd7 7. Bb2 e6 8. Ne2
Bd6 9. Ng3 Bg6 10. f4 c5 11. O-O Rc8 12. f5 Bxg3 13. fxg6 Bd6 14. gxf7+ Kxf7 15.
e4 cxd4 16. Bxd4 Qc7 17. Qh5+ Ke7 18. Qh3 e5 19. Be3 dxe4 20. Nxe4 Nxe4 21. Bxe4
Nf6 22. Bg5 Rcf8 23. Rad1 h6 24. Bxf6+ gxf6 25. Rf3 Qc8 26. Qh4 b6 27. c4 h5 28.
h3 Rh6 29. Kh1 Bc5 30. Bf5 Qa6 31. Rd7+ Ke8 32. Qe4 1-0

[Event "Karpos Open 2013"]
[Site "Skopje MKD"]
[Date "2013.03.12"]
[Round "5.65"]
[White "Angjelovski, Daniel"]
[Black "Bogoevski, Jani"]
[Result "0-1"]
[BlackTitle "FM"]
[WhiteElo "1934"]
[BlackElo "2217"]
[WhiteFideId "15003523"]
[BlackFideId "15000435"]
[EventDate "2013.03.09"]

1. e4 Nf6 2. e5 Nd5 3. c4 Nb6 4. d4 d6 5. exd6 cxd6 6. Nc3 g6 7. Bd3 Bg7 8. Be3
Nc6 9. Nge2 O-O 10. O-O Nb4 11. b3 Nxd3 12. Qxd3 Bg4 13. f3 Bf5 14. Qd2 Re8 15.
Ng3 Qd7 16. Rad1 d5 17. c5 Nc8 18. b4 a6 19. Rfe1 Rd8 20. Nxf5 Qxf5 21. Qd3 Qxd3
22. Rxd3 e6 23. a4 h6 24. Rb1 Ne7 25. f4 Nc6 26. Kf2 Rdb8 27. a5 Rd8 28. g4 Rd7
29. Ne2 Na7 30. h4 Nb5 31. Ng3 Re8 32. h5 g5 33. fxg5 hxg5 34. Rbd1 Bf6 35. h6
Kh7 36. Rh1 Rh8 37. Nh5 Bd8 38. Ng3 Kg6 39. Rdd1 f5 40. gxf5+ exf5 41. Ne2 Rxh6
42. Rxh6+ Kxh6 43. Rh1+ Kg6 44. Rg1 Bf6 45. Nf4+ Kf7 46. Nh5 f4 0-1

[Event "Karpos Open 2013"]
[Site "Skopje MKD"]
[Date "2013.03.12"]
[Round "5.66"]
[White "Jankov, Dejan"]
[Black "Dizdarevic, Barbara"]
[Result "1-0"]
[WhiteElo "2207"]
[BlackElo "1981"]
[WhiteFideId "15000931"]
[BlackFideId "938572"]
[EventDate "2013.03.09"]

1. e4 c5 2. c4 g6 3. Nc3 Bg7 4. g3 Nc6 5. Bg2 Nf6 6. Nge2 d6 7. O-O O-O 8. d3
Ne8 9. Be3 Nc7 10. d4 cxd4 11. Nxd4 Ne5 12. b3 Ng4 13. Bc1 Ne6 14. Nde2 Bd7 15.
h3 Nf6 16. Be3 Bc6 17. Rc1 Nd7 18. Qd2 f5 19. Nd5 fxe4 20. Nec3 Nec5 21. Nxe4
Nxe4 22. Bxe4 Kh8 23. Bg2 Ne5 24. Qe2 e6 25. Nf4 Bxg2 26. Kxg2 Qf6 27. Rcd1 Nf7
28. Bd4 e5 29. Nd5 Qd8 30. Be3 Bh6 31. c5 Bxe3 32. Nxe3 Qc7 33. cxd6 Qc6+ 34.
Kg1 Ng5 35. Nd5 Qxd6 36. f4 Qc5+ 37. Kh2 exf4 38. Qe5+ 1-0